[Event "Vienna-ch U12"]
[Site "Vienna"]
[Date "2011.01.04"]
[Round "6.6"]
[White "Farkas, Oscar"]
[Black "Mundstein, Alina"]
[Result "0-1"]
[WhiteElo "1200"]
[BlackElo "1312"]
[PlyCount "44"]
[EventDate "2011.01.02"]
[EventType "swiss"]
[EventRounds "7"]
[EventCountry "AUT"]
[SourceTitle "EXT 2024"]
[Source "ChessBase"]
[SourceDate "2023.10.10"]
[SourceVersion "1"]
[SourceVersionDate "2023.10.10"]
[SourceQuality "1"]

1. e4 e6 2. Nf3 d5 3. Nc3 Bb4 4. Nb5 dxe4 5. Nfd4 e5 6. Nb3 Nf6 7. Bc4 0-0 8. 0-0 a6 9. Na3 b5 10. Be2 Nd5 11. Bh5 Qg5 12. d4 e3 13. g3 Nc6 14. h4 exf2+ 15. Rxf2 Qxg3+ 16. Kf1 Bh3+ 17. Ke2 exd4 18. c3 Rfe8+ 19. Kd2 Qxf2+ 20. Kd3 Bf1+ 21. Be2 Bxe2+ 22. Qxe2 Qxe2# 0-1